000 00510cam a22002054a 4500
005 20250605164155.0
008 250528s ||||||||||||||||||||||||d
035 _a19537
020 _a9065446591
040 _aGR-AtMCL
_bgre
_dGR-AtMCL
_eAACR2
245 1 _aINTRODUCTION TO GREEK LAW
250 _a2
260 _bKluwer Academic Publishers,
_c1993
300 _a448
700 1 _aKerameus Konstantinos D
_941
700 1 _aKozyris Phaedon J
_942
942 _cBK
999 _c4793
_d4793